| 000 | 01017cam a22003251i 4500 | ||
|---|---|---|---|
| 999 |
_c200430915 _d49122 |
||
| 001 | 200430915 | ||
| 003 | TR-AnTOB | ||
| 005 | 20230831110108.0 | ||
| 007 | ta | ||
| 008 | 180220s2006 tu g 000*0 tur | ||
| 020 | _a994494128X | ||
| 040 |
_aTR-AnTOB _beng _erda _cTR-AnTOB _dTR-AnTOB |
||
| 041 | 0 | _atur | |
| 050 | 0 | 0 | _aKKX1375 |
| 090 |
_aKKX1375 _b.Ö98 2006 |
||
| 100 | 1 |
_aÖztürk, Mehmet Onat _eauthor _9122134 |
|
| 245 | 1 | 0 |
_aTürk ceza kanununda iş ve çalışma hürriyetinin ihlali suçu / _cDr. Mehmet Onat Öztürk. |
| 250 | _aBirinci baskı | ||
| 264 | 1 |
_aİstanbul : _bLegal Yayıncılık, _c2006. |
|
| 264 | 4 | _c©2006 | |
| 300 |
_a254 pages ; _c24 cm |
||
| 336 |
_2rdacontent _atext _btxt |
||
| 337 |
_2rdamedia _aunmediated _bn |
||
| 338 |
_2rdacarrier _avolume _bnc |
||
| 490 | 0 |
_aLegal Yayıncılık. _aHukuk Kitapları Serisi ; _v76 |
|
| 650 | 0 |
_aToplu iş sözleşmeleri _zTürkiye _958170 |
|
| 650 | 7 |
_aCeza hukuku _zTürkiye _2etuturkob _948989 |
|
| 942 |
_2lcc _cBK |
||